00316nam a2200121Ia 4500008004100000041000800041082001200049100001100061245004600072260004000118300001900158999001700177241015s9999 xx 000 0 und d aeng a339 MAN aMankiw aPrinciples Of Microeconomics With Mindtap bCengage Learning IndiaaDehlic2018 a464;. P. 25 cm c41816d41816